María /
Guardado en:
| Autor Principal: | |
|---|---|
| Formato: | Libro |
| Publicado: |
Buenos Aires :
Los libros del mirasol,
1962
|
| Series: | Los libros del marisol
|
| Materias: | |
| Etiquetas: |
Agregar Etiqueta
Sin Etiquetas, Sea el primero en etiquetar este registro!
|
| LEADER | 01448nam a22003495a 4500 | ||
|---|---|---|---|
| 001 | CEM.cems003425 | ||
| 005 | 20100920085724.0 | ||
| 008 | 130507s1962##################000#0#####d | ||
| 003 | CEMS | ||
| 082 | 0 | 4 | |a C863.2 |
| 100 | 1 | |a Isaacs, Jorge | |
| 245 | 1 | 0 | |a María / |c Jorge Isaacs |
| 260 | |a Buenos Aires : |b Los libros del mirasol, |c 1962 | ||
| 300 | |a 249 p. | ||
| 490 | 0 | |a Los libros del marisol | |
| 653 | |a Literatura | ||
| 653 | |a Literatura hispanoamericana | ||
| 653 | |a Literatura colombiana | ||
| 653 | |a Novela colombiana 1827-1888 | ||
| 653 | |a Novelas | ||
| 859 | |a CEMS |b BIB. CEMS - 11 de abril |h C863.2 |i Is1 |p 14421.75 |t Ej.1 | ||
| 859 | |a CEMS |b BIB. CEMS - 11 de abril |h C863.2 |i Is1 |p 14422.75 |t Ej.2 | ||
| 859 | |a CEMS |b BIB. CEMS - 11 de abril |h C863.2 |i Is1 |p 14423.75 |t Ej.3 | ||
| 859 | |a CEMS |b BIB. CEMS - 11 de abril |h C863.2 |i Is1 |p 14424.75 |t Ej.4 | ||
| 859 | |a CEMS |b BIB. CEMS - 11 de abril |h C863.2 |i Is1 |p 14425.75 |t Ej.5 | ||
| 859 | |a CEMS |b BIB. CEMS - 11 de abril |h C863.2 |i Is1 |p 14426.75 |t Ej.6 | ||
| 859 | |a CEMS |b BIB. CEMS - 11 de abril |h C863.2 |i Is1 |p 14427.75 |t Ej.7 | ||
| 859 | |a CEMS |b BIB. CEMS - 11 de abril |h C863.2 |i Is1 |p 14428.75 |t Ej.8 | ||
| 859 | |a CEMS |b BIB. CEMS - 11 de abril |h C863.2 |i Is1 |p 14429.75 |t Ej.9 | ||
| 859 | |a CEMS |b BIB. CEMS - 11 de abril |h C863.2 |i Is1 |p 14430.75 |t Ej.10 | ||
| 859 | |a CEMS |b BIB. CEMS - 11 de abril |h C863.2 |i Is1 |p 14431.75 |t Ej.11 | ||
| 859 | |a CEMS |b BIB. CEMS - 11 de abril |h C863.2 |i Is1 |p 16389.78 |t Ej.12 | ||
